000
00294nam a22001337a 4500
008
170904b xxu||||| |||| 00| 0 eng d
020
_a
08900523(2011)26(1)
041
_a
eng
080
_a
070
100
_a
40
101
_a
MED
245
_a
MASS MEDIA ETHICS
_c
BABCOCK,W.A
942
_2
udc
_c
BK
999
_c
26049
_d
26049